| 000 | 00560nam a2200193Ia 4500 | ||
|---|---|---|---|
| 999 |
_c11337 _d11337 |
||
| 003 | OSt | ||
| 005 | 20191226114413.0 | ||
| 008 | 190216s9999||||xx |||||||||||||| ||und|| | ||
| 020 | _a9788120346482 | ||
| 040 | _coclc | ||
| 082 |
_a330.0151 _bHOY/M |
||
| 100 |
_aHoy, Michael _9773 |
||
| 245 | 0 |
_aMathematics For Economics / _cMichael Hoy ; John Livernois ; Ray Rees |
|
| 250 | _a3rd ed. | ||
| 260 |
_bPHI Learning, _c2012. _aNew Delhi: |
||
| 300 | _a959p | ||
| 650 | _aEconomics | ||
| 942 |
_cBK _2ddc _h330.0151 _iHOY/M _k330.0151 _mHOY/M |
||